<?xml version="1.0" encoding="UTF-8"?>
<collection xmlns="http://www.loc.gov/MARC21/slim">
<record>
  <controlfield tag="001">149187</controlfield>
  <controlfield tag="005">20250127135740.0</controlfield>
  <datafield tag="037" ind1=" " ind2=" ">
    <subfield code="a">TAZ-TFM-2024-1556</subfield>
  </datafield>
  <datafield tag="041" ind1=" " ind2=" ">
    <subfield code="a">spa</subfield>
  </datafield>
  <datafield tag="100" ind1="1" ind2=" ">
    <subfield code="a">Castillo Quílez,Marta</subfield>
  </datafield>
  <datafield tag="242" ind1="0" ind2="0">
    <subfield code="a">A retrospective observational study of physical restraints and psychotropic drugs before and during COVID 19 in a nursing home</subfield>
  </datafield>
  <datafield tag="245" ind1="0" ind2="0">
    <subfield code="a">Estudio observacional retrospectivo de las contenciones físicas y psicofármacos utilizados antes y durante el COVID-19 en una residencia de ancianos</subfield>
  </datafield>
  <datafield tag="260" ind1=" " ind2=" ">
    <subfield code="a">Zaragoza</subfield>
    <subfield code="b">Universidad de Zaragoza</subfield>
    <subfield code="c">2024</subfield>
  </datafield>
  <datafield tag="506" ind1=" " ind2=" ">
    <subfield code="a">by-nc-sa</subfield>
    <subfield code="b">Creative Commons</subfield>
    <subfield code="c">3.0</subfield>
    <subfield code="u">http://creativecommons.org/licenses/by-nc-sa/3.0/</subfield>
  </datafield>
  <datafield tag="520" ind1=" " ind2=" ">
    <subfield code="a">Introducción: Previamente a la pandemia de COVID-19 ya se usaban&lt;br />numerosas contenciones físicas y psicofármacos en las residencias de&lt;br />mayores. En este estudio se analiza si la pandemia supuso y aumento de&lt;br />prescripción de estas medidas terapéuticas.&lt;br />Metodología: Estudio descriptivo observacional de las contenciones físicas y&lt;br />psicofármacos prescritos en las “seis primeras olas” de la COVID-19 en&lt;br />comparación con los 6 meses previos a la pandemia, así como de las&lt;br />alteraciones conductuales, caídas, pérdida de apetito y episodios ansiosos&lt;br />registrados en una residencia de Zaragoza. La información se obtuvo de la&lt;br />historia clínica, del programa GARES, Farmatools y registros en papel. Se&lt;br />describen las variables mediante la mediana y el rango intercuartílico,&lt;br />además se comparan datos entre olas con el test de comparaciones múltiples&lt;br />Test de Friedmann y el post hoc de Dunn, y finalmente se estudia la&lt;br />asociación entre variables con la correlación de Pearson.&lt;br />Resultados: 45 residentes, (66% mujeres). Las frecuencias de las&lt;br />contenciones físicas aumentan a lo largo de las olas, en especial las&lt;br />barandillas (66,66% de residentes en T6) y el cinturón en silla (33,33%). Las&lt;br />dosis de benzodiacepinas, ansiolíticos, hipnóticos y antipsicóticos sufrieron,&lt;br />en global, aumentos significativos durante los tiempos analizados.&lt;br />Conclusión: La COVID-19 tuvo un impacto muy negativo en la vida de las&lt;br />personas mayores de la residencia, lo que se vio reflejado en el aumento de&lt;br />psicofármacos y contenciones físicas que se les prescribieron&lt;br />&lt;br /></subfield>
  </datafield>
  <datafield tag="521" ind1=" " ind2=" ">
    <subfield code="a">Máster Universitario en Gerontología Social</subfield>
  </datafield>
  <datafield tag="540" ind1=" " ind2=" ">
    <subfield code="a">Derechos regulados por licencia Creative Commons</subfield>
  </datafield>
  <datafield tag="856" ind1="0" ind2=" ">
    <subfield code="f">740027@unizar.es</subfield>
  </datafield>
  <datafield tag="856" ind1="4" ind2=" ">
    <subfield code="s">550004</subfield>
    <subfield code="u">http://zaguan.unizar.es/record/149187/files/TAZ-TFM-2024-1556.pdf</subfield>
    <subfield code="y">Memoria (spa)</subfield>
  </datafield>
  <datafield tag="909" ind1="C" ind2="O">
    <subfield code="o">oai:zaguan.unizar.es:149187</subfield>
    <subfield code="p">driver</subfield>
    <subfield code="p">trabajos-fin-master</subfield>
  </datafield>
  <datafield tag="950" ind1=" " ind2=" ">
    <subfield code="a"></subfield>
  </datafield>
  <datafield tag="691" ind1=" " ind2=" ">
    <subfield code="a">0</subfield>
  </datafield>
  <datafield tag="692" ind1=" " ind2=" ">
    <subfield code="a"></subfield>
  </datafield>
  <datafield tag="700" ind1=" " ind2=" ">
    <subfield code="a">María Pilar Domínguez Olivan</subfield>
    <subfield code="e">dir.</subfield>
  </datafield>
  <datafield tag="710" ind1="2" ind2=" ">
    <subfield code="a">Universidad de Zaragoza</subfield>
    <subfield code="b">Fisiatría y Enfermería</subfield>
    <subfield code="c">Fisioterapia</subfield>
  </datafield>
  <datafield tag="980" ind1=" " ind2=" ">
    <subfield code="a">TAZ</subfield>
    <subfield code="b">TFM</subfield>
    <subfield code="c">EUCS</subfield>
  </datafield>
  <datafield tag="999" ind1=" " ind2=" ">
    <subfield code="a">20241126012258.CREATION_DATE</subfield>
  </datafield>
  <datafield tag="951" ind1=" " ind2=" ">
    <subfield code="a">deposita:2025-01-27</subfield>
  </datafield>
</record>
</collection>